Rebelión juvenil y cambio social /
Guardado en:
| Autor Principal: | |
|---|---|
| Formato: | Libro |
| Publicado: |
Buenos Aires :
Américalee,
1973
|
| Series: | Nueva Biblioteca de Cultura Social
|
| Materias: | |
| Etiquetas: |
Agregar Etiqueta
Sin Etiquetas, Sea el primero en etiquetar este registro!
|
| LEADER | 00602nam a22001935a 4500 | ||
|---|---|---|---|
| 001 | CEM.cems009138 | ||
| 005 | 20090907104248.0 | ||
| 008 | 130507s1973##################000#0#####d | ||
| 003 | CEMS | ||
| 082 | 0 | 4 | |a 301.153 |
| 100 | 1 | |a Flores, Fernando Jorge | |
| 245 | 1 | 0 | |a Rebelión juvenil y cambio social / |c Fernando Jorge Flores |
| 260 | |a Buenos Aires : |b Américalee, |c 1973 | ||
| 300 | |a 199 p. | ||
| 490 | 0 | |a Nueva Biblioteca de Cultura Social | |
| 653 | |a Adolescencia-adaptación social | ||
| 653 | |a Rebelion juvenil | ||
| 653 | |a Sociología | ||
| 859 | |a CEMS |b BIB. CEMS - 11 de abril |h 301.153 |i F663 |p 18788.96 |t Ej.1 | ||
